000 01084nam a22002417a 4500
999 _c2648
_d2648
003 AR-CdUCM
008 190305b ||||| |||| 00| 0 spa d
040 _aMUNICIPALIDAD PROVINCIAL DEL CUSCO
_cBIBLIOTECA MUNICIPAL DEL CUSCO
041 _heng
082 _a333.09 /
_bD92
100 _aDorner, Peter (compilador)
_99308
245 _aLa reforma agraria en América Latina :
_bproblemas y casos concretos /
260 _aMéxico, D.F :
_bDiana,
_c1974.
300 _a340 paginas ;
_c24 cm.
505 _aLas nuevas direcciones necesarias en el análisis económico para las políticas de desarrollo agrícola -- Reforma agraria y desarrollo -- El caso económico de la reforma agraria: Empleo, distribución del ingreso y productividad -- Legislación de la reforma agraria -- Organización campesina como vehículo de reforma ...
650 _aReforma agraria
_91861
650 _aAmérica Latina
_91130
650 _aOrganización campesina
_99309
650 _aDesarrollo agrícola
_91453
700 _aSánchez G, Mayo Antonio
_99310
942 _2ddc
_cLIBROS
945 _aacv